Normal view
MARC view
- التشريعات الصناعية -- قانون براءة الاختراع -- القانون التجاري
Entry Topical Term
001 - CONTROL NUMBER
- control field: 12689
003 - CONTROL NUMBER IDENTIFIER
- control field: JO-AjAnu
005 - DATE AND TIME OF LATEST TRANSACTION
- control field: 20230606072332.0
008 - FIXED-LENGTH DATA ELEMENTS
- fixed length control field: 230606|| aca||aabn | a|a d
040 ## - CATALOGING SOURCE
- Original cataloging agency: JO-AjAnu
- Transcribing agency: JO-AjAnu
150 ## - HEADING--TOPICAL TERM
- Topical term or geographic name entry element: التشريعات الصناعية -- قانون براءة الاختراع -- القانون التجاري
670 ## - SOURCE DATA FOUND
- Source citation: Work cat.: (JO-AjAnu)6529: زين الدين ، صلاح , author 12688, شرح التشريعات الصناعية والتجارية : براءات الاختراع ، العلامات التجارية ، الرسوم الصناعية ، الأسماء التجارية ، النماذج الصناعية ، العناوين التجارية